|
|
|
|
| LEADER |
00000nam0a2200000 4500 |
| 001 |
261853 |
| 005 |
20231031221809.0 |
| 010 |
|
|
|b 5000 экз.
|
| 035 |
|
|
|a (RuTPU)RU\TPU\book\284835
|
| 035 |
|
|
|a RU\TPU\book\229968
|
| 090 |
|
|
|a 261853
|
| 100 |
|
|
|a 20140528d1950 m y0rusy50 ca
|
| 101 |
0 |
|
|a rus
|
| 102 |
|
|
|a RU
|
| 105 |
|
|
|a ac z 001zb
|
| 200 |
1 |
|
|a Переписка В. В. Верещагина и В. В. Стасова. I. 1874-1878
|f письма подготовлены к печати и примечания к ним составлены А. К. Лебедевым и Г. К. Буровой ; под ред. А. К. Лебедева
|
| 210 |
|
|
|a Москва
|c Искусство
|d 1950
|
| 215 |
|
|
|a 422 с.
|c ил.
|
| 320 |
|
|
|a Пояснительный текст: с. 259-406
|
| 320 |
|
|
|a Указатель имен и названий: с. 407-417.
|
| 600 |
|
1 |
|a Верещагин
|g Василий Васильевич
|b В. В.
|c российский живописец
|f 1842-1904
|2 stltpush
|3 (RuTPU)RU\TPU\pers\562
|
| 600 |
|
1 |
|a Стасов
|b В. В.
|c российский художественный и музыкальный критик
|c историк искусства
|f 1824-1906
|g Владимир Васильевич
|c археолог
|c библиофил
|2 stltpush
|3 (RuTPU)RU\TPU\pers\13357
|
| 610 |
1 |
|
|a русская живопись
|
| 610 |
1 |
|
|a художники
|
| 610 |
1 |
|
|a переписка
|
| 610 |
1 |
|
|a воспоминания
|
| 610 |
1 |
|
|a 19 век
|
| 675 |
|
|
|a 75(092)
|v 3
|
| 702 |
|
1 |
|a Лебедев
|b А. К.
|4 220
|
| 702 |
|
1 |
|a Бурова
|b Г. К.
|4 220
|
| 702 |
|
1 |
|a Лебедев
|b А. К.
|4 340
|
| 801 |
|
1 |
|a RU
|b 63413507
|c 20120228
|
| 801 |
|
2 |
|a RU
|b 63413507
|c 20140528
|g RCR
|
| 942 |
|
|
|c BK
|